| 000 | 00345nam a22001337a 4500 | ||
|---|---|---|---|
| 020 | _a10037-12000-01-0210 | ||
| 082 |
_a894.812 _bJAM/V |
||
| 100 | _aJIJI JAMES | ||
| 245 | _aVISHWAPRASIDHA CHITRAKAARANMAARUM CHITRANGALUM | ||
| 260 |
_aTHRISSUR _bH & C PUBLISHING HOUSE _c2010 |
||
| 300 | _a48 | ||
| 650 |
_aGENERAL KNOWLEDGE _zKERALA |
||
| 942 | _cBK | ||
| 999 |
_c1029 _d1029 |
||